|
|
|
|
| LEADER |
00752nam a2200205Ia 4500 |
| 008 |
240829s9999 xx 000 0 und d |
| 040 |
|
|
|a BIBLIOTECA-RUSB/ Ref 551.63 N583
|
| 041 |
|
|
|a spa
|
| 082 |
|
|
|a Ref 551.63 N583
|
| 100 |
1 |
|
|a Nicaragua. Ministerio del Ambiente y los Recursos Naturales
|
| 245 |
1 |
0 |
|a Primera comunicación nacional ante la convención Marco de las Naciones Unidas sobre cambio climático.
|
| 260 |
|
|
|a Managua
|b MARENA/PNUD
|c 2001
|
| 300 |
|
|
|a 125 p. :il.
|
| 650 |
7 |
|
|a PREDICCIONES Y PRONOSTICOS DEL TIEMPO ATMOSFERICO
|
| 650 |
7 |
|
|b IMPACTOS DEL CAMBIO CLIMATICO - NICARAGUA
|
| 650 |
7 |
|
|c MITIGACION DEL CAMBIO CLIMATICO
|
| 650 |
7 |
|
|d PLAN DE ACCION NACIONAL - CAMBIO CLIMATICO
|
| 942 |
|
|
|c BK
|2 ddc
|
| 991 |
|
|
|a TEXTO
|
| 999 |
|
|
|c 6051
|